000
00292nam a2200109Ia 4500
008
220204s9999 xx 000 0 und d
082
_a
NR:62:678-13
_b
SYN
245
0
_a
Synaprene rubber handbook
260
_a
Bombay
_b
Synthetics &Chemicals Ltd
_c
1972
650
_a
Synaprene rubber
942
_c
BK
999
_c
21946
_d
21946